Most Times Running for US President Quiz Stats

 Plays Quiz Updated Feb 19, 2015

Challenge
Share
Tweet
Embed
Score 0/8 Timer 01:30
2 Plays Today
Years Candidate % Correct
1932, 1936, 1940, 1944Franklin Roosevelt
94.6%
1960, 1968, 1972Richard Nixon
86.2%
1792, 1796, 1800. 1804Thomas Jefferson
79.2%
1824, 1828, 1832Andrew Jackson
64.2%
1884, 1888, 1892Grover Cleveland
63.5%
1896, 1900, 1908William Jennings Bryan
43.1%
1836, 1840, 1848Martin Van Buren
40.8%
1824, 1832, 1844Henry Clay
36.1%

You're not logged in!

Compare scores with friends on all Sporcle quizzes.
OR
Log In

You Might Also Like...

Show Comments

Extras

Top Quizzes Today


Score Distribution

Your Account Isn't Verified!

In order to create a playlist on Sporcle, you need to verify the email address you used during registration. Go to your Sporcle Settings to finish the process.

Report this User

Report this user for behavior that violates our Community Guidelines.

Details: